| 000 | 01168cad a22002055a 4500 | ||
|---|---|---|---|
| 001 | L150135 | ||
| 008 | 100607s2010 xxk f 000 0 eng d | ||
| 035 | _a(Sirsi) u150135 | ||
| 041 | 0 | _aeng | |
| 050 | 0 | 4 | _a692.8 |
| 110 | 2 |
_aOffice of Fair Trading _91355 |
|
| 245 | 0 | 0 |
_aEvaluation of the impact of the OFT's investigation into bid rigging in the construction industry _ba report by Europe Economics _h[electronic resource] |
| 260 |
_a[S.I.] _bOFT _c2010 |
||
| 520 | _aAn independent evaluation of the OFT's recent competition enforcement activities in the construction sector finds significant improvements in awareness and understanding of competition law and changes in business behaviour; the research was conducted by Europe Economics and is based on surveys of construction contractors and procurers; compares the first phase results from 2008 with the second phase results conducted in 2010. | ||
| 590 | _aKA NTK | ||
| 651 | 4 |
_aUnited Kingdom _y |
|
| 690 | _aBUILT ENVIRONMENT-BUILDING CONTRACT FORMS | ||
| 856 | 4 | 8 |
_uhttps://www.oft.gov.uk/shared_oft/reports/Evaluating-OFTs-work/oft1240.pdf _zView this item free of charge at www.oft.gov.uk |
| 942 | _n0 | ||
| 999 |
_c110746 _d110746 |
||